傾城一諾 . 挽髮繫情 . 1

資料類型: Book 圖書   書目號:51026

Leader xxxxxxxxxx
001 __ 102458/9/01
005 __ 20170410105854.015
010 0_ |a9789869325370|b第1冊 : 平裝|d新臺幣280元
042 __ |anbic
100 __ |a20170410d2016    k  y0chiy50      b
101 0_ |achi
102 __ |atw
105 __ |ay   z   000ay
200 1_ |a傾城一諾|h1|i挽髮繫情|f鳳今著
205 __ |a初版
210 __ |a臺北市|c晴空出版|c家庭傳媒城邦分公司發行|d2016[民105]
215 0_ |a391面|d21公分
225 12 |a悅讀NOVEL|v1
517 1_ |a挽髮繫情|zchi
606 __ |2cst|a長篇小說
700 _0 |a鳳今|4681 __ |a857.7|b856 v.1
801 _0 |atw|bLibDipper|c20170410|gCCR
詳細館藏(共 1 筆)
索 書 號登 錄 號冊次號館別 / 館藏地流通類型狀態加入預約清單電子資源
857.7 / 856 1024589 v.1 圖書館 / 一樓普通區 可外借30天 在館   

| 條列資料




目錄查詢 分類查詢 個人資料 圖書薦購 新書查詢 閉館日 排行榜 更多電子資源 Hami書城 線上資料庫 登出

From : 216.73.217.87

  本日流通累計至 17:14:15 借閱 : 13 次 續借 : 0 次 歸還 : 10 次 預約 : 0 次 電子資源 : 0 次


內湖高中圖書館  PCLIS 版本  26.5.0.12